UBT Library

Health Assessment in Nursing: (Record no. 1464)

000 -LEADER
fixed length control field 00306nam a22001217a 4500
008 - FIXED-LENGTH DATA ELEMENTS--GENERAL INFORMATION
fixed length control field 160420b xxu||||| |||| 00| 0 eng d
020 ## - INTERNATIONAL STANDARD BOOK NUMBER
International Standard Book Number 9780781762403
020 ## - INTERNATIONAL STANDARD BOOK NUMBER
International Standard Book Number 07807817622403
041 ## - LANGUAGE CODE
Language code of text/sound track or separate title eng
080 ## - UNIVERSAL DECIMAL CLASSIFICATION NUMBER
Universal Decimal Classification number 618.2
245 ## - TITLE STATEMENT
Title Health Assessment in Nursing:
Statement of responsibility, etc Janet Weber;Jane Kelley;
942 ## - ADDED ENTRY ELEMENTS (KOHA)
Source of classification or shelving scheme
Item type Books
Holdings
Withdrawn status Lost status Source of classification or shelving scheme Damaged status Not for loan Collection code Permanent location Current location Shelving location Date acquired Total Checkouts Full call number Barcode Date last seen Price effective from Koha item type
          Koleksioni i përgjithshem UBT - Lipjan UBT - Lipjan Koleksioni i përgjithshem 04/20/2016   618.2 WEB 002-027718 01/05/2017 04/20/2016 Books
          Koleksioni i përgjithshem UBT - Lipjan UBT - Lipjan   12/13/2022   610.73WEB 002-8000287002601117 12/13/2022 12/13/2022 Books
UBT Library © 2015-2024. All rights reserved University Education for Business and Technology